000 00767nas a2200229 4500
001 BR0805104
003 BR-BrBNA
005 20231205111952.0
007 ta
008 230509b bl.|||p| |||| 00| 00por d
040 _aBR-BrBNA
_bpor
_cBiblioteca Nacional de Agricultura
041 _a(Pt)
072 _aL70
100 1 _aPfuetzenreiter, M.R.
100 1 _aZylbersztajn, A.
245 1 _aAnálise histórica dos currículos do curso de medicina veterinária da universidade do estado de Santa Catarina (UDESC)
650 _aVETERINÁRIA
650 _aEDUCAÇÃO
773 0 _tRevista de Ciências Agroveterinárias (Brazil)
_xISSN 1679-9732
_g(Jan-Jun 2004), v. 3(1) p. 62-70
_wBR0805104
909 _a202311
_bLúcia
_c55
_dLúcia Elande
942 _2AGRIS
_n0
_cANA
999 _c195381
_d195381